000 00324nam a2200133Ia 4500
005 20260328104330.0
008 260328s9999||||xx |||||||||||||| ||und||
100 _aSoan, Hazel
245 0 _aLearn Watercolour Landscapes Quickly /
_cHazel Soan
260 _bBatsford
300 _a112 p.
650 _aPINTURA
942 _cBK
999 _c11692
_d11692